<?xml version="1.0" encoding="UTF-8"?>
<record
    xmlns:xsi="http://www.w3.org/2001/XMLSchema-instance"
    xsi:schemaLocation="http://www.loc.gov/MARC21/slim http://www.loc.gov/standards/marcxml/schema/MARC21slim.xsd"
    xmlns="http://www.loc.gov/MARC21/slim">

  <leader>00710nam a22002057a 4500</leader>
  <controlfield tag="007">00</controlfield>
  <controlfield tag="008">160615b        xxu||||| |||| 00| 0 eng d</controlfield>
  <datafield tag="020" ind1=" " ind2=" ">
    <subfield code="a">978-2-294-73519-6</subfield>
  </datafield>
  <datafield tag="040" ind1=" " ind2=" ">
    <subfield code="a">BUAC</subfield>
    <subfield code="c">BUC</subfield>
  </datafield>
  <datafield tag="041" ind1=" " ind2=" ">
    <subfield code="a">Fre.</subfield>
  </datafield>
  <datafield tag="100" ind1=" " ind2=" ">
    <subfield code="a">Poirot, Mathieu</subfield>
  </datafield>
  <datafield tag="245" ind1=" " ind2=" ">
    <subfield code="a">Les situations difficiles au travail : </subfield>
    <subfield code="b">gestion des risques psychosociaux</subfield>
    <subfield code="c">/ par Michel Poirot</subfield>
  </datafield>
  <datafield tag="260" ind1=" " ind2=" ">
    <subfield code="a">Issy-les -Moulineaux Cedex :</subfield>
    <subfield code="b">Elsevier Masson,</subfield>
    <subfield code="c">2013</subfield>
  </datafield>
  <datafield tag="300" ind1=" " ind2=" ">
    <subfield code="a">IV-148 p. </subfield>
    <subfield code="c">21 cm.</subfield>
    <subfield code="b">couv. en coul. ;</subfield>
  </datafield>
  <datafield tag="440" ind1=" " ind2=" ">
    <subfield code="a">(Collection Pratiques en Psychoth&#xE9;rapie) : </subfield>
    <subfield code="n">(Sant&#xE9; Psy et travail)</subfield>
    <subfield code="p">par Dominique Servant</subfield>
  </datafield>
  <datafield tag="630" ind1=" " ind2=" ">
    <subfield code="a">PHILOSOPHIE-PSYCHOLOGIE</subfield>
  </datafield>
  <datafield tag="650" ind1=" " ind2=" ">
    <subfield code="a">PSYCHOLOGIE</subfield>
  </datafield>
  <datafield tag="651" ind1=" " ind2=" ">
    <subfield code="a">Travail : psychologie</subfield>
  </datafield>
  <datafield tag="942" ind1=" " ind2=" ">
    <subfield code="c">LBA</subfield>
    <subfield code="2">ddc</subfield>
  </datafield>
  <datafield tag="999" ind1=" " ind2=" ">
    <subfield code="c">54580</subfield>
    <subfield code="d">54580</subfield>
  </datafield>
  <datafield tag="952" ind1=" " ind2=" ">
    <subfield code="0">0</subfield>
    <subfield code="1">0</subfield>
    <subfield code="4">0</subfield>
    <subfield code="7">0</subfield>
    <subfield code="a">BUAC</subfield>
    <subfield code="b">BUAC</subfield>
    <subfield code="d">2015-06-11</subfield>
    <subfield code="e">Don ARES</subfield>
    <subfield code="f">16/442</subfield>
    <subfield code="l">0</subfield>
    <subfield code="o">159.9:331 PUI</subfield>
    <subfield code="p">16-442BUC</subfield>
    <subfield code="r">2016-06-15 00:00:00</subfield>
    <subfield code="t">1</subfield>
    <subfield code="w">2016-06-15</subfield>
    <subfield code="y">LIV</subfield>
  </datafield>
  <datafield tag="952" ind1=" " ind2=" ">
    <subfield code="0">0</subfield>
    <subfield code="1">0</subfield>
    <subfield code="4">0</subfield>
    <subfield code="7">0</subfield>
    <subfield code="a">BUAC</subfield>
    <subfield code="b">BUAC</subfield>
    <subfield code="c">R&#xE9;serve</subfield>
    <subfield code="d">2017-07-07</subfield>
    <subfield code="e">Don  ARES</subfield>
    <subfield code="f">17/018</subfield>
    <subfield code="l">0</subfield>
    <subfield code="o">159.9:331 POI</subfield>
    <subfield code="p">17-018Buc</subfield>
    <subfield code="r">2017-07-07 00:00:00</subfield>
    <subfield code="t">2</subfield>
    <subfield code="w">2017-07-07</subfield>
    <subfield code="y">LBA</subfield>
  </datafield>
  <datafield tag="952" ind1=" " ind2=" ">
    <subfield code="0">0</subfield>
    <subfield code="1">0</subfield>
    <subfield code="2">ddc</subfield>
    <subfield code="4">0</subfield>
    <subfield code="7">0</subfield>
    <subfield code="a">BUAC</subfield>
    <subfield code="b">BUAC</subfield>
    <subfield code="c">R&#xE9;serve</subfield>
    <subfield code="d">2021-05-12</subfield>
    <subfield code="e">DON ARES</subfield>
    <subfield code="f">21/0114</subfield>
    <subfield code="l">0</subfield>
    <subfield code="o">159.9 : 331 POI</subfield>
    <subfield code="p">21-0114Buc</subfield>
    <subfield code="r">2021-05-12 00:00:00</subfield>
    <subfield code="t">3</subfield>
    <subfield code="w">2021-05-12</subfield>
    <subfield code="y">LBA</subfield>
  </datafield>
</record>
